| 000 | 00354nam a22001217a 4500 | ||
|---|---|---|---|
| 082 | _a200 THE | ||
| 100 |
_aMUHAMMAD BILAL KHA _970100 |
||
| 245 | _aTH-SOF-1249-Fault Tolerant Control of Quad-rotor UAV | ||
| 260 |
_aIslamabad _bNUST College of EME _c2016 |
||
| 650 | _aMS-ELECT-75 MSTHESIS | ||
| 700 | _aSupervisor Dr. FAHAD MUMTAZ MALIK | ||
| 942 | _cCF | ||
| 999 |
_c577142 _d577142 |
||